=LDR 00000nam 2200000 4500 =001 000834 =005 20250712122819 =035 ##$$a 0010-0725000708 =007 ta =008 250712################a##########0#ind## =020 ##$$a 978-623-307-352-3 =082 ##$$a 398.209 598 =084 ##$$a 398.209 598 SIN k =100 #$$a singh neha =245 1#$$a kereta listrik /$c neha singh =250 ##$$a kedua =260 ##$$a jakarta :$b badan pengembangan dan pembinaan bahasa,$c 2022 =300 ##$$a 26hlm. : $b ilus. ; $c 29 cm =650 #4$$a cerita anak indonesia terjemahan =650 #4$$a literasi bahan bacaan =990 ##$$a TBM202400806